[Event "Fast Game"]
[Site "www.echecsemail.com"]
[Date "2018.07.06"]
[Round "1"]
[White "Apdash"]
[Black "Fegatux"]
[WhiteElo "1930"]
[BlackElo "2060"]
[Result "1-0"]
[Round "1"]
1.d4 d5
2.Ng1f3 Ng8f6
3.c4 c6
4.cxd5 cxd5
5.Nb1c3 e6
6.Bc1g5 Bf8e7
7.e3 Qd8b6
8.Qd1c2 O-O
9.Bf1d3 Nb8c6
{ time. }
1-0

[Event "Tourn. n9780"]
[Site "www.chess-mail.com"]
[Date "2018.07.07"]
[Round "1"]
[White "Claymil"]
[Black "Bojan"]
[WhiteElo "1940"]
[BlackElo "1960"]
[Result "1-0"]
[Round "1"]
1.c4 e5
2.Nb1c3 Ng8f6
3.g3 d5
4.cxd5 Nf6xd5
5.Bf1g2 c6
6.a3 Bc8e6
7.Qd1c2 Nb8a6
8.e3 Bf8e7
9.Ng1e2 Na6c7
10.O-O Qd8d7
11.d4 Be6f5
12.e4 exd4
13.Ne2xd4 Nd5xc3
14.Nd4xf5 Nc3b5
15.Rf1d1 Qd7c8
16.Nf5xe7 Kxe7
17.Qc2c5 Ke8
18.a4 Nc7e6
19.Qc5b4 Nb5c7
20.Bc1e3 b6
21.Ra1c1 Nc7a6
22.Qb4a3 Na6c5
23.b4 Nc5d7
24.Bg2h3 Nd7e5
25.f4 Qc8c7
26.fxe5 Ke7
27.b5 c5
28.Rd1d6 Rh8e8
29.Qa3a2 Kf8
30.Bh3xe6 fxe6
31.Rd6xe6 Re8e7
32.Rc1f1 Re7f7
33.Re6c6 Rf7xf1
34.Kxf1 Qc7xe5
35.Rc6e6 Qe5c7
36.Qa2f2 Kg8
37.Be3f4 Qc7d7
38.Re6d6 Qd7e7
39.Qf2e3 Ra8f8
40.Kg2 h6
41.Rd6g6 Qe7f7
42.Rg6g4 Qf7a2
43.Kh3 Qa2xa4
44.Bf4xh6 Rf8f7
45.Qe3d3 Kh8
46.Qd3c3 Qa4d4
47.Bh6d2 Qd4d7
48.Qc3e5 Qd7xb5
49.Bd2c3 Qb5d7
50.Qe5d5 Qd7xd5
51.exd5 Rf7d7
52.Kh4 Kh7
53.Rg4g5 g6
54.Kg4 a5
55.Rg5e5 a4
56.Re5e6 b5
57.d6 Kg8
58.Re6xg6 Kf8
59.h4 b4
60.Bc3e5 c4
61.h5 c3
62.Rg6f6 Kg8
63.Rf6f2 a3
64.h6 Kh7
65.Kh5 Rd7a7
66.Rf2f1 Ra7a5
67.Rf1f7 Kg8
68.Rf7e7 Ra5xe5
69.Re7xe5 c2
70.d7 c1Q
71.d8Q { resign }
1-0

[Event "Tourn. n9868"]
[Site "www.echecsemail.com"]
[Date "2018.07.07"]
[Round "1"]
[White "Bojan"]
[Black "Ffdd65"]
[WhiteElo "2100"]
[BlackElo "2170"]
[Result "0-1"]
[Round "1"]
1.e4 e5
2.b3 Ng8f6
3.Nb1c3 Nb8c6
4.Ng1f3 Bf8b4
5.Bc1b2 d6
6.a3 Bb4xc3
7.Bb2xc3 Nf6xe4
8.Bc3b2 Bc8e6
9.d3 Ne4f6
10.h3 h6
11.Nf3h2 Qd8d7
12.c3 O-O
13.Bf1e2 Nf6d5
14.c4 Nd5f4
15.Be2f1 Be6f5
16.Nh2f3 Qd7e7
17.Kd2 Ra8d8
18.g3 Nf4e6
19.Nf3h4 Bf5h7
20.Qd1g4 Nc6d4
21.Kc3 Ne6c5
22.b4 Nc5a4
23.Kd2 Na4xb2
24.a4 Nb2xc4
25.Kc3 Nc4b6
26.Bf1g2 Qe7e8
27.b5 c6
28.a5 Nb6d5
29.Bg2xd5 cxd5
30.Rh1b1 Nd4xb5
31.Kd2 d4
32.f4 exf4
33.gxf4 Qe8e3
34.Kc2 Qe3xd3
{ resign }
0-1

[Event "Tourn. n9879"]
[Site "www.echecsemail.com"]
[Date "2018.07.07"]
[Round "1"]
[White "Ffdd65"]
[Black "Bojan"]
[WhiteElo "2180"]
[BlackElo "2050"]
[Result "0-1"]
[Round "1"]
1.e4 e5
2.Ng1f3 Ng8f6
3.Nb1c3 d6
4.Bf1c4 h6
5.d3 Nb8c6
6.a3 Bc8g4
7.h3 Bg4h5
8.g4 Nf6xg4
9.hxg4 Bh5xg4
10.Nc3d5 Nc6d4
11.Bc1e3 Bg4xf3
12.Qd1d2 Bf3xh1
13.Be3xd4 exd4
14.Qd2f4 c6
15.Nd5b4 d5
16.Nb4xd5 cxd5
17.Bc4xd5 Qd8f6
18.Qf4h2 Bh1f3
19.e5 Qf6f5
20.Bd5c4 Bf8e7
21.Kf1 Ra8c8
{ resign }
0-1

[Event "Match"]
[Site "www.echecsemail.com"]
[Date "2018.07.07"]
[Round "1"]
[White "Alessiov"]
[Black "Lug47"]
[WhiteElo "1569"]
[BlackElo "1550"]
[Result "1-0"]
[Round "1"]
1.e4 e5
2.f4 Bf8d6
3.Ng1f3 Ng8f6
4.fxe5 Nf6xe4
5.Qd1e2 O-O
6.Qe2xe4 Rf8e8
7.Bf1c4 Bd6c5
8.d4 Bc5b4
9.Nb1c3 h6
10.Bc4xf7 Kxf7
11.Qe4h7 Nb8c6
12.O-O d6
13.Nf3g5 Ke7
14.Qh7xg7 
1-0

[Event "Match"]
[Site "www.echecsemail.com"]
[Date "2018.07.07"]
[Round "1"]
[White "Karlgrocer"]
[Black "Alekpax"]
[WhiteElo "1990"]
[BlackElo "1499"]
[Result "0-1"]
[Round "1"]
1.Ng1f3 Ng8f6
2.d4 d5
3.e3 e6
4.Bf1e2 c5
5.dxc5 Bf8xc5
6.O-O O-O
7.a3 Nb8c6
8.b4 Bc5d6
9.Bc1b2 Qd8c7
10.Nb1d2 e5
11.g3 Rf8d8
12.Qd1c1 e4
13.Nf3d4 Nc6xd4
14.Bb2xd4 Bd6e5
15.Bd4xe5 Qc7xe5
16.Nd2b3 Bc8h3
17.Rf1d1 h5
18.Nb3a5 Qe5f5
19.Na5xb7 Nf6g4
20.f3 exf3
21.Be2f1 f2
{ resign }
0-1

[Event "Match"]
[Site "www.echecsemail.com"]
[Date "2018.07.07"]
[Round "1"]
[White "Gidgud"]
[Black "Numanoid"]
[WhiteElo "2279"]
[BlackElo "2550"]
[Result "1/2-1/2"]
[Round "1"]
1.e4 d6
2.d4 Ng8f6
3.Nb1c3 g6
4.f3 c6
5.Bc1e3 Nb8d7
6.Qd1d2 b5
7.a3 Bf8g7
8.Be3h6 Bg7xh6
9.Qd2xh6 Qd8a5
10.b4 Qa5b6
11.Qh6d2 { draw }
1/2-1/2

[Event "Match"]
[Site "www.echecsemail.com"]
[Date "2018.07.07"]
[Round "1"]
[White "Alekpax"]
[Black "Dougbeer"]
[WhiteElo "1499"]
[BlackElo "1729"]
[Result "1-0"]
[Round "1"]
1.e4 e6
2.d4 d5
3.Nb1c3 Bf8b4
4.e5 c5
5.a3 Bb4xc3
6.bxc3 Ng8e7
7.Qd1g4 Qd8c7
8.Qg4xg7 Rh8g8
9.Qg7xh7 cxd4
10.Kd1 Nb8c6
11.Ng1f3 dxc3
12.Nf3g5 Nc6xe5
13.f4 Rg8xg5
14.fxg5 Ne5g6
15.h4 Qc7g3
16.Rh1h3 Qg3f2
17.Rh3f3 Qf2d4
18.Bf1d3 Ne7f5
19.Ke2 Ng6xh4
20.g6 Qd4e5
21.Rf3e3 Qe5f6
22.Qh7g8 Ke7
23.gxf7 Qf6xf7
24.Qg8g4 Bc8d7
25.Re3h3 Ra8g8
26.Bc1g5 Kd6
27.Qg4b4 Kc7
28.Qb4xc3 Kd6
29.Qc3b4 Kc7
30.g4 Nh4g2
31.Qb4c3 Kd6
32.gxf5 Rg8xg5
33.Qc3b4 Kc7
34.Ra1h1 Qf7f6
35.Rh3h7 Qf6e5
36.Kd1 Ng2e3
37.Kc1 Qe5a1
38.Kd2 Ne3c4
39.Bd3xc4 Qa1d4
40.Bc4d3 Rg5g2
41.Kc1 { resign }
1-0

[Event "Match"]
[Site "www.echecsemail.com"]
[Date "2018.07.07"]
[Round "1"]
[White "Irene"]
[Black "Gambitmiau"]
[WhiteElo "2010"]
[BlackElo "1940"]
[Result "0-1"]
[Round "1"]
1.d4 e5
2.Ng1f3 e4
3.Nf3d2 d5
4.f3 Bf8e7
5.Nb1c3 exf3
6.Nd2xf3 Ng8f6
7.Bc1f4 Be7b4
8.Qd1d3 O-O
9.a3 Bb4xc3
10.Qd3xc3 c6
11.O-O-O Nf6e4
12.Qc3e1 Bc8g4
13.h3 Bg4xf3
14.gxf3 Ne4f6
15.Rh1g1 Nf6h5
16.Bf4h6 Qd8f6
17.Bh6g5 Qf6d6
18.Qe1h4 g6
19.Bg5e7 Qd6f4
20.Qh4xf4 Nh5xf4
21.Be7xf8 Kxf8
22.Rg1g4 Nf4e6
23.e3 f5
24.Rg4g3 Nb8d7
25.h4 Nd7f6
26.Bf1h3 Nf6h5
27.Rg3g1 Ra8e8
28.Rd1e1 c5
29.c3 Kf7
30.Bh3g2 cxd4
31.exd4 Nh5f4
32.Kd2 Re8g8
33.Re1e5 Kf6
34.Rg1e1 Rg8e8
35.Bg2f1 Re8g8
36.Bf1b5 g5
37.Re1g1 Nf4h3
38.Rg1g3 g4
39.Bb5d7 Nh3f4
40.Bd7xe6 Nf4xe6
41.Re5xd5 f4
42.Rg3g1 g3
43.Rd5d7 Ne6g7
44.Rd7xb7 Ng7f5
45.Rb7xh7 Kg6
46.Rh7xa7 Nf5xh4
 { time }
0-1

[Event "Match"]
[Site "www.echecsemail.com"]
[Date "2018.07.07"]
[Round "1"]
[White "Jopesilo"]
[Black "Joaodelisboa"]
[WhiteElo "2360"]
[BlackElo "2240"]
[Result "1/2-1/2"]
[Round "1"]
1.e4 e6
2.c4 d5
3.exd5 exd5
4.d4 Ng8f6
5.Nb1c3 Nb8c6
6.c5 Nf6e4
7.Bf1b5 Ne4xc3
8.Bb5xc6 bxc6
9.bxc3 Bc8a6
10.Ng1e2 Bf8e7
11.O-O O-O
12.Rf1e1 Qd8d7
13.Ne2g3 Rf8e8
14.Bc1d2 Ba6c4
15.Qd1c2 Be7f6
16.Ng3h5 Bf6e7
17.Ra1b1 Ra8b8
18.Re1e3 g6
19.Nh5g3 Be7f6
20.h3 a6
21.Re3e1 Rb8b5
22.Re1xe8 Qd7xe8
23.Ng3f1 Bc4xf1
24.Kxf1 Qe8b8
25.Rb1b3 Rb5xb3
26.Qc2xb3 Qb8b5
27.Ke1 Qb5xb3
28.axb3 { draw }
1/2-1/2

[Event "Match"]
[Site "www.echecsemail.com"]
[Date "2018.07.07"]
[Round "1"]
[White "Trusivka"]
[Black "Eeze"]
[WhiteElo "1540"]
[BlackElo "1779"]
[Result "0-1"]
[Round "1"]
1.Ng1f3 d6
2.Nf3d4 e5
3.Nd4f5 Bc8xf5
4.c3 h6
5.Nb1a3 c6
6.Na3c4 Bf5e6
7.e4 b5
8.Nc4e3 Bf8e7
9.d4 exd4
10.cxd4 Qd8a5
11.Bc1d2 Qa5b6
12.Bd2c3 d5
 { time }
0-1

[Event "Tourn. n9830"]
[Site "www.echecsemail.com"]
[Date "2018.07.07"]
[Round "1"]
[White "Bojan"]
[Black "Falcoale"]
[WhiteElo "2000"]
[BlackElo "2030"]
[Result "0-1"]
[Round "1"]
1.b4 e6
2.a3 d5
3.e3 b6
4.Bc1b2 Bc8b7
5.Ng1f3 Ng8f6
6.Nf3e5 a6
7.f3 Bf8e7
8.d4 O-O
9.Bf1d3 Nb8d7
10.c3 Nd7xe5
11.dxe5 Nf6d7
12.c4 Be7h4
13.g3 Bh4e7
14.Bb2d4 c5
15.Bd4c3 Qd8c7
16.cxd5 exd5
17.O-O Nd7xe5
18.Bd3e2 Ra8d8
19.Nb1d2 d4
20.exd4 cxd4
21.Bc3b2 Be7f6
22.f4 Ne5c6
23.Ra1c1 b5
24.Be2f3 Qc7b6
25.Nd2e4 d3
26.Kg2 Bf6xb2
27.Rc1b1 Bb2xa3
28.Rb1b3 Ba3xb4
29.Qd1b1 d2
30.Rf1d1 a5
31.Qb1c2 Nc6d4
32.Qc2b1 Nd4xb3
33.Ne4g5 Bb7xf3
34.Kxf3 Nb3d4
35.Kg2 f5
36.g4 h6
37.Qb1a2 Kh8
38.Ng5h3 fxg4
39.Nh3f2 Nd4e2
40.Nf2xg4 Ne2c3
41.Qa2c2 Nc3xd1
42.Qc2xd1 Rd8e8
43.Ng4e5 Rf8xf4
44.Qd1h5 Qb6f2
{ resign }
0-1

[Event "Match"]
[Site "www.echecsemail.com"]
[Date "2018.07.07"]
[Round "1"]
[White "Irene"]
[Black "Juheset"]
[WhiteElo "2040"]
[BlackElo "1809"]
[Result "0-1"]
[Round "1"]
1.d4 e5
2.dxe5 f6
3.exf6 Qd8xf6
4.Ng1f3 b6
5.Bc1g5 Qf6xb2
6.Nb1d2 Bf8b4
7.Qd1b1 Qb2xb1
8.Ra1xb1 a5
9.Bg5f4 d6
10.Bf4e3 Bc8f5
11.Nf3d4 Bf5d7
12.g3 c5
13.Nd4b3 Ng8f6
14.Bf1g2 Nb8c6
15.Be3f4 d5
16.Bf4e5 Nc6xe5
17.Rb1c1 c4
18.Nb3d4 Bb4xd2
19.Kxd2 O-O
20.Rc1b1 Ra8b8
21.Rb1b2 Rf8d8
22.Rh1b1 Nf6e4
23.Ke3 Ne5g4
24.Kf4 Rd8f8
25.Nd4f5 Bd7xf5
26.Bg2xe4 dxe4
27.f3 exf3
28.exf3 g5
29.Kxg5 h6
 { time }
0-1

[Event "Tourn. n9828"]
[Site "www.echecsemail.com"]
[Date "2018.07.07"]
[Round "1"]
[White "Aniruddhadg"]
[Black "Tonino1"]
[WhiteElo "2560"]
[BlackElo "2200"]
[Result "1-0"]
[Round "1"]
1.e4 d6
2.d4 Ng8f6
3.Nb1c3 c6
4.f4 Qd8c7
5.Ng1f3 Bc8g4
6.h3 Bg4xf3
7.Qd1xf3 Nb8d7
8.e5 Nf6g8
9.Bc1d2 e6
10.O-O-O d5
11.f5 c5
12.Nc3b5 Qc7b6
13.dxc5 Qb6xc5
14.Bd2e3 Qc5c6
15.Nb5d4 Qc6a4
16.Bf1b5 Qa4xa2
17.fxe6 fxe6
18.Nd4xe6 Qa2a1
19.Kd2 Bf8b4
20.Ke2 Qa1xb2
21.Qf3xd5 Qb2xc2
22.Rd1d2  { time }
1-0

[Event "Tourn. n9857"]
[Site "www.echecsemail.com"]
[Date "2018.07.07"]
[Round "1"]
[White "Ditto"]
[Black "J1j6"]
[WhiteElo "1880"]
[BlackElo "1749"]
[Result "0-1"]
[Round "1"]
1.e4 e5
2.Ng1f3 Ng8f6
3.Bf1c4 d5
4.exd5 Bf8c5
5.d3 e4
6.dxe4 Nf6xe4
7.O-O O-O
8.Nb1d2 Ne4d6
9.Bc4b3 Bc8f5
10.Rf1e1 c6
11.Nd2f1 Nd6e4
12.dxc6 Nb8xc6
13.Bb3d5 Bc5xf2
14.Kh1 Bf2xe1
15.Nf3xe1 Ne4f2
16.Kg1 Nf2xd1
17.Bd5b3 Qd8d4
18.Kh1 Qd4f2
{ resign }
0-1

[Event "Tourn. n9865"]
[Site "www.echecsemail.com"]
[Date "2018.07.07"]
[Round "1"]
[White "Orhany24"]
[Black "Andychesston"]
[WhiteElo "2120"]
[BlackElo "2030"]
[Result "0-1"]
[Round "1"]
1.e4 e5
2.Ng1f3 Nb8c6
3.Bf1c4 Bf8e7
4.c3 Ng8f6
5.O-O Nf6xe4
6.d4 d5
7.Bc4b5 Qd8d6
8.Nf3xe5 O-O
9.Bc1f4 Nc6xe5
10.Bf4xe5 Qd6g6
11.Bb5d3 Bc8h3
12.Be5g3 Bh3f5
13.Nb1d2 Ne4xg3
{ resign }
0-1

[Event "Match"]
[Site "www.echecsemail.com"]
[Date "2018.07.07"]
[Round "1"]
[White "J1j6"]
[Black "Liencam2"]
[WhiteElo "1699"]
[BlackElo "2340"]
[Result "0-1"]
[Round "1"]
1.f4 d5
2.d3 Nb8c6
3.Ng1f3 Bc8g4
4.Nb1d2 Qd8d6
5.e3 e5
6.fxe5 Nc6xe5
7.d4 Ne5xf3
8.Nd2xf3 Ng8f6
9.h3 Bg4h5
10.Qd1e2 Nf6e4
11.Rh1g1 Qd6b4
12.c3 Ne4xc3
13.Qe2d3 Nc3e4
14.Bc1d2 Qb4d6
15.g4 Bh5g6
16.Qd3b5 c6
17.Qb5xb7 Ra8b8
18.Qb7xa7 Rb8xb2
19.Qa7a5 Bf8e7
20.Nf3e5 Be7h4
21.Kd1 Rb2xd2
22.Qa5xd2 Ne4xd2
23.Kxd2 Qd6b4
24.Kc1 Qb4c3
{ resign }
0-1

[Event "Tourn. n9871"]
[Site "www.echecsemail.com"]
[Date "2018.07.07"]
[Round "1"]
[White "Foxy100"]
[Black "Bojan"]
[WhiteElo "2110"]
[BlackElo "2070"]
[Result "1-0"]
[Round "1"]
1.e4 e5
2.Ng1f3 d6
3.d4 exd4
4.Nf3xd4 d5
5.exd5 Qd8xd5
6.Nb1c3 Bf8b4
7.Bc1e3 Ng8e7
8.Nd4b5 Bb4xc3
9.Nb5xc3 Qd5e5
10.Qd1d4 Nb8c6
11.Qd4xe5 Nc6xe5
12.O-O-O f6
13.Nc3b5 O-O
14.Be3c5 Kf7
15.Nb5xc7 Bc8g4
16.f3 Ra8c8
17.Bc5xe7 Kxe7
18.Nc7d5 Ke6
19.fxg4 Ne5xg4
20.Nd5f4 Kf5
21.g3 Ng4f2
22.Rd1d5 Ke4
23.Bf1g2 { resign }
1-0

[Event "Match"]
[Site "www.echecsemail.com"]
[Date "2018.07.07"]
[Round "1"]
[White "Grischuk2789"]
[Black "Biggles"]
[WhiteElo "1809"]
[BlackElo "2110"]
[Result "1-0"]
[Round "1"]
1.c4 e5
2.Nb1c3 Ng8f6
3.Ng1f3 d6
4.d4 exd4
5.Nf3xd4 Bc8d7
6.e4 Nb8c6
7.f3 Bf8e7
8.Bc1e3 O-O
9.Bf1e2 Nc6xd4
10.Qd1xd4 c5
11.Qd4d2 a6
12.O-O b5
13.cxb5 axb5
14.Nc3xb5 Bd7xb5
15.Be2xb5 d5
16.Bb5c6 Ra8a7
17.exd5 Be7d6
18.a4 Qd8c7
19.g3 Nf6d7
20.Kg2 Nd7e5
21.Bc6b5 Ra7a8
22.Ra1c1 h6
23.b4 Ne5d7
24.Bb5xd7 Qc7xd7
25.bxc5 Bd6e5
26.c6 Qd7d6
27.Be3c5 Qd6d8
28.Bc5xf8 { resign }
1-0

[Event "Tourn. n9837"]
[Site "www.echecsemail.com"]
[Date "2018.07.07"]
[Round "1"]
[White "Saffron"]
[Black "Hundegana"]
[WhiteElo "2149"]
[BlackElo "2060"]
[Result "0-1"]
[Round "1"]
1.d4 d5
2.Ng1f3 Ng8f6
3.Bc1f4 Bc8f5
4.e3 e6
5.c4 c6
6.Qd1b3 Qd8b6
7.c5 Nb8d7
8.cxb6 axb6
9.Nb1c3 Bf8e7
10.Bf1e2 O-O
11.O-O h6
12.h3 g5
13.Bf4h2 Kh8
 { time }
0-1

[Event "Tourn. n9790"]
[Site "www.chess-mail.com"]
[Date "2018.07.08"]
[Round "1"]
[White "Drawlward"]
[Black "Greghghs"]
[WhiteElo "2570"]
[BlackElo "2510"]
[Result "1-0"]
[Round "1"]
1.e4 c6
2.d4 d5
3.Nb1c3 dxe4
4.Nc3xe4 Bc8f5
5.Ne4g3 Bf5g6
6.h4 h6
7.Ng1f3 Nb8d7
8.h5 Bg6h7
9.Bf1d3 Bh7xd3
10.Qd1xd3 e6
11.Bc1f4 Qd8a5
12.Bf4d2 Bf8b4
13.c3 Bb4e7
14.c4 Qa5c7
15.O-O-O Ng8f6
16.Kb1 O-O
17.Rh1e1 Rf8e8
18.Nf3e5 b5
19.cxb5 cxb5
20.f4 Be7d6
21.Qd3xb5 Ra8b8
22.Qb5a6 Rb8b6
23.Qa6d3 Re8b8
24.b3 Rb6b5
25.Rd1c1 Qc7b7
26.Qd3f3 Nf6d5
27.Ne5c4 Bd6c7
28.Ng3e4 Nd5f6
29.Nc4e5 Nf6xe4
30.Re1xe4 Nd7f6
31.Re4e3 Nf6d5
32.Re3d3 Bc7xe5
33.fxe5 a5
34.Qf3g4 Kh7
35.Rd3g3 Rb8g8
36.Ka1 Qb7a8
37.a4 Rb5b7
38.Kb2 Qa8e8
39.Ka2 Qe8d8
40.Rc1c5 Rb7a7
41.Kb2 Kh8
42.Qg4e4 Rg8e8
43.Rg3f3 Kg8
44.Rf3f1 Qd8e7
45.Rc5b5 Re8a8
46.Rf1c1 Ra7b7
47.Rb5xb7 Qe7xb7
48.Rc1c5 { resign }
1-0

[Event "Tourn. n9792"]
[Site "www.chess-mail.com"]
[Date "2018.07.08"]
[Round "1"]
[White "Falcoale"]
[Black "Ditto"]
[WhiteElo "1900"]
[BlackElo "1760"]
[Result "0-1"]
[Round "1"]
1.e4 e5
2.Ng1f3 Nb8c6
3.Bf1c4 Bf8c5
4.O-O d6
5.Nb1c3 Bc8g4
6.h3 Bg4d7
7.a3 Ng8f6
8.b4 Bc5b6
9.d3 Nc6d4
10.Nf3xd4 Bb6xd4
11.Bc1b2 Qd8e7
12.Ra1b1 O-O
13.Nc3d5 Qe7d8
14.c3 Bd4b6
15.Nd5xb6 axb6
16.f4 Bd7a4
17.Qd1f3 Ba4c6
18.b5 Bc6d7
19.fxe5 dxe5
20.Bb2c1 c6
21.Bc1g5 cxb5
22.Bc4d5 Ra8b8
23.Qf3e2 Qd8e7
24.Bg5xf6 gxf6
25.Qe2f3 Rb8c8
26.Rf1c1 Kh8
27.Rc1c2 Rf8g8
28.Qf3h5 Rg8g6
29.Bd5xb7 Rc8g8
30.Rc2f2 Qe7xa3
31.Bb7d5 Rg6g7
32.Bd5xf7 Rg8f8
33.Bf7b3 Qa3c5
34.Rb1c1 Qc5e3
35.Rc1d1 Bd7xh3
36.Rd1d2 Qe3e1
37.Kh2 Bh3d7
38.Rd2c2 Qe1e3
39.Rc2d2 Rg7g6
40.Bb3c2 Rg6h6
41.Qh5xh6 Qe3xh6
42.Kg1 Rf8g8
43.Bc2b3 Rg8g7
44.Bb3d1 Qh6e3
45.Bd1f3 Rg7g6
46.d4 Bd7e6
47.d5 Be6d7
48.Rd2c2 Rg6g8
49.Kf1 Rg8a8
{ resign }
0-1

[Event "Match"]
[Site "www.echecsemail.com"]
[Date "2018.07.08"]
[Round "1"]
[White "Alessiov"]
[Black "Dougbeer"]
[WhiteElo "1569"]
[BlackElo "1779"]
[Result "1/2-1/2"]
[Round "1"]
1.e4 e6
2.d3 d5
3.Qd1e2 Bf8c5
4.Ng1f3 Ng8e7
5.g3 O-O
6.Bf1g2 Nb8c6
7.c3 dxe4
8.dxe4 a5
9.O-O b6
10.b3 Bc8a6
11.c4 Nc6d4
12.Nf3xd4 Bc5xd4
13.Bc1b2 c5
14.Bb2xd4 cxd4
15.e5 Ra8a7
16.Qe2d3 Ra7d7
17.Nb1d2 Qd8c7
18.f4 Ne7f5
19.Rf1f2 h6
20.Ra1e1 Rf8d8
21.Bg2f3 Nf5e3
22.a4 Ba6b7
23.Bf3xb7 Qc7xb7
24.h3 Qb7c6
25.Kh2 Qc6b7
26.g4 Qb7c7
27.Re1g1 Rd8f8
28.Nd2e4 Kh8
29.g5 hxg5
30.Rg1xg5 { draw }
1/2-1/2

[Event "Match"]
[Site "www.echecsemail.com"]
[Date "2018.07.08"]
[Round "1"]
[White "Pablincho"]
[Black "Trusivka"]
[WhiteElo "1880"]
[BlackElo "1590"]
[Result "1-0"]
[Round "1"]
1.e4 e6
2.Ng1f3 d5
3.Nb1c3 Ng8f6
4.d3 Nb8c6
5.a3 Nf6xe4
6.dxe4 d4
7.Nc3e2 Bf8d6
8.Ne2xd4  { time }
1-0

[Event "Match"]
[Site "www.echecsemail.com"]
[Date "2018.07.08"]
[Round "1"]
[White "Darknight"]
[Black "Whitekknight"]
[WhiteElo "1880"]
[BlackElo "1910"]
[Result "1-0"]
[Round "1"]
1.e4 e5
2.Bf1c4 Ng8f6
3.d3 h6
4.g4 Bf8c5
5.Qd1e2 O-O
6.g5 Nf6h7
7.gxh6 g6
8.h4 Qd8f6
9.Ng1f3 Nb8c6
10.c3 d6
11.Nf3g5 Nc6d4
12.cxd4 Bc5xd4
13.Rh1f1 Rf8e8
14.Bc4xf7 { resign }
1-0

[Event "Match"]
[Site "www.echecsemail.com"]
[Date "2018.07.08"]
[Round "1"]
[White "Luzhin"]
[Black "Krystek23"]
[WhiteElo "2460"]
[BlackElo "2490"]
[Result "1/2-1/2"]
[Round "1"]
1.e4 c5
2.Ng1f3 Nb8c6
3.Bf1b5 e6
4.O-O Ng8e7
5.c3 a6
6.Bb5a4 b5
7.Ba4c2 Bc8b7
8.d4 cxd4
9.Nf3xd4 Nc6e5
10.Nb1d2 Ne7c6
11.f4 Nc6xd4
12.cxd4 Ne5c6
13.Nd2b3 Ra8c8
14.Bc1e3 Bf8e7
15.Qd1d2 d5
16.e5 g6
17.Ra1c1 O-O
18.Bc2b1 Be7b4
19.Qd2e2 f5
20.Nb3c5 Bb4xc5
21.Rc1xc5 Nc6a5
22.Rf1c1 Na5c4
23.Rc5xc8 Bb7xc8
24.Be3f2 a5
25.b3 Nc4a3
26.Bb1d3 Bc8d7
27.Rc1c5 b4
28.h3 Qd8a8
29.Qe2f1 Rf8c8
30.Qf1c1 Rc8c6
31.Bf2h4 Qa8c8
32.Rc5xc6 Qc8xc6
33.Qc1xc6 Bd7xc6
34.Bh4d8 a4
35.Kf2 axb3
36.axb3 Kf7
37.Bd8a5 { draw }
1/2-1/2

[Event "Match"]
[Site "www.echecsemail.com"]
[Date "2018.07.08"]
[Round "1"]
[White "Micheles"]
[Black "Gidgud"]
[WhiteElo "2570"]
[BlackElo "2029"]
[Result "1-0"]
[Round "1"]
1.d4 Ng8f6
2.Ng1f3 e6
3.Bc1g5 Bf8e7
4.Nb1d2 d5
5.e3 O-O
6.Bf1d3 Nb8d7
7.O-O c5
8.c3 Qd8b6
9.Qd1c2 Qb6d8
10.dxc5 h6
11.Bg5xf6 Be7xf6
12.b4 e5
13.e4 d4
14.cxd4 exd4
15.Nd2c4 Qd8c7
16.Ra1d1 b6
17.c6 Nd7e5
18.Nc4xe5 Bf6xe5
19.Nf3xe5 Qc7xe5
20.Rd1c1 Qe5d6
21.b5 a6
22.Qc2a4 a5
23.Bd3c4 Bc8e6
24.Rf1d1 Rf8d8
25.c7 Rd8c8
26.Bc4xe6 Qd6xe6
27.Qa4xd4 { resign }
1-0

[Event "Tourn. n9834"]
[Site "www.echecsemail.com"]
[Date "2018.07.08"]
[Round "1"]
[White "Wegaman"]
[Black "Piekki"]
[WhiteElo "2040"]
[BlackElo "2200"]
[Result "1-0"]
[Round "1"]
1.d4 Ng8f6
2.c4 g6
3.Nb1c3 Bf8g7
4.Ng1f3 O-O
5.e3 d5
6.Bf1e2 c6
7.O-O Nb8d7
8.Rf1e1 Qd8c7
9.Bc1d2 e5
10.cxd5 cxd5
11.dxe5 Nd7xe5
12.Nf3xe5 Qc7xe5
13.Ra1c1 h5
14.g3 Nf6e4
15.Be2f3 h4
16.Bf3xe4 dxe4
17.Qd1c2 hxg3
18.fxg3 Bc8f5
19.Re1f1 Ra8d8
20.a3 Rd8d3
21.Rf1f2 Bg7h6
22.Rc1e1 Rf8d8
23.Bd2c1 Bf5g4
24.Qc2b3 Bg4f3
25.Qb3xb7 Qe5c5
26.Nc3xe4 { resign }
1-0

[Event "Tourn. n9812"]
[Site "www.echecsemail.com"]
[Date "2018.07.08"]
[Round "1"]
[White "Bojan"]
[Black "Bigrezi"]
[WhiteElo "2050"]
[BlackElo "2190"]
[Result "1-0"]
[Round "1"]
1.c4 g6
2.b4 Bf8g7
3.Nb1c3 Ng8f6
4.Bc1b2 O-O
5.e3 d6
6.d4 e5
7.Ra1b1 exd4
8.Qd1xd4 Bc8f5
9.Bf1d3 Nb8c6
10.Qd4xf6 Bg7xf6
11.Bd3xf5 gxf5
12.a3 Nc6e5
13.Ng1e2 Ne5xc4
14.Bb2c1 Bf6xc3
15.Ne2xc3 f4
16.Nc3d5 Qd8g5
17.Nd5xf4 Qg5f5
18.Rb1a1 Qf5d5
19.Nf4xd5 c6
20.Nd5f6 Kg7
21.Nf6h5 Kh6
22.Nh5g3 a5
23.bxa5 Ra8xa5
24.O-O Kg6
25.e4 d5
26.exd5 Ra5xd5
27.Ng3e2 Rd5d7
28.Bc1f4 Rf8e8
29.Ne2c3 b5
30.g3 Rd7a7
31.Bf4c1 b4
32.Nc3b1 b3
33.Bc1e3 Nc4xe3
34.fxe3 Re8xe3
35.Nb1d2 b2
36.Ra1b1 Re3e2
37.Nd2c4 Re2c2
38.Nc4e5 Kg7
39.Ne5d3 Ra7xa3
40.Rb1xb2 Rc2xb2
41.Nd3xb2 c5
42.Rf1c1 Ra3b3
43.Nb2a4 h5
44.Rc1xc5 Kg6
45.Kg2 Rb3b4
46.Na4c3 h4
47.Nc3e2 Rb4b2
48.Kf3 hxg3
49.hxg3 Rb2b3
50.Kg4 Kf6
51.Rc5f5 Ke7
52.Kg5 Rb3e3
53.Rf5f2 Re3a3
54.g4 Ra3a2
55.Kf4 Ra2a4
56.Kg3 Ra4e4
57.Ne2f4 Re4e3
58.Kh4 Re3e5
59.Rf2e2 Re5xe2
60.Nf4xe2 Kf6
61.Kh5 Ke5
62.Ne2g3 Kf4
63.Ng3f5 f6
64.Nf5g7 Ke5
65.Ng7e8 Ke6
66.Kg6 { resign }
1-0

[Event "Match"]
[Site "www.echecsemail.com"]
[Date "2018.07.08"]
[Round "1"]
[White "Cvilhena1976"]
[Black "Bjonil60"]
[WhiteElo "1499"]
[BlackElo "1520"]
[Result "1-0"]
[Round "1"]
1.e4 Nb8c6
2.d4 e6
3.Ng1f3 d6
4.Nb1c3 Qd8e7
5.Bc1g5 f6
6.Bg5e3 e5
7.d5 Nc6d8
8.Bf1d3 b6
9.Bd3b5 Bc8d7
10.Bb5xd7 Qe7xd7
11.O-O g6
12.Qd1d2 Ng8e7
13.a4 f5
14.Qd2d3 fxe4
15.Nc3xe4 Nd8b7
16.Ne4f6 Kd8
17.Nf6xd7 Kxd7
18.Qd3b5 Kc8
19.Qb5e8 Nb7d8
20.Be3g5 e4
21.Bg5f6 Rh8g8
22.Nf3g5 h6
23.Ng5xe4 Ne7xd5
24.Bf6xd8 c6
25.Ne4xd6 Kb8
26.Bd8xb6 
1-0

[Event "Match"]
[Site "www.echecsemail.com"]
[Date "2018.07.08"]
[Round "1"]
[White "Cathar"]
[Black "Micheles"]
[WhiteElo "2170"]
[BlackElo "2620"]
[Result "1/2-1/2"]
[Round "1"]
1.c4 Ng8f6
2.Nb1c3 e5
3.g3 Bf8b4
4.Bf1g2 O-O
5.e4 Bb4xc3
6.bxc3 c6
7.Ng1f3 Rf8e8
8.O-O d5
9.exd5 cxd5
10.cxd5 Nf6xd5
11.c4 Nd5f6
12.d4 exd4
13.Nf3xd4 Nb8a6
14.Nd4b5 Bc8g4
15.Qd1xd8 Ra8xd8
16.Bc1a3 b6
17.Ba3d6 h6
18.a4 Bg4e2
19.Rf1c1 Nf6e4
20.Bg2xe4 Re8xe4
21.a5 Re4xc4
22.Rc1xc4 Be2xc4
23.axb6 axb6
24.Ra1xa6 Bc4xb5
25.Ra6xb6 { draw }
1/2-1/2

[Event "Tourn. n9879"]
[Site "www.echecsemail.com"]
[Date "2018.07.08"]
[Round "1"]
[White "Bojan"]
[Black "Fantomas"]
[WhiteElo "2050"]
[BlackElo "2140"]
[Result "0-1"]
[Round "1"]
1.e4 c5
2.g3 d6
3.b3 Ng8f6
4.Bf1g2 e6
5.Bc1b2 Bf8e7
6.Qd1e2 Nb8c6
7.c3 O-O
8.Nb1a3 a6
9.Ra1d1 Qd8c7
10.d4 cxd4
11.cxd4 d5
12.e5 Nf6d7
13.Na3c2 Nc6b4
14.Nc2xb4 Be7xb4
15.Kf1 b5
16.Rd1c1 Qc7b6
17.a3 Bb4e7
18.h4 a5
19.f4 b4
20.a4 Bc8a6
21.Bg2f3 Ba6xe2
22.Bf3xe2 Rf8c8
23.Rc1xc8 Ra8xc8
24.Be2d3 f6
25.Ng1f3 fxe5
26.fxe5 Rc8f8
27.Kg2 g6
28.Rh1c1 Kg7
29.Bd3b5 Qb6b7
30.Nf3g5 Be7xg5
31.hxg5 Rf8c8
32.Rc1xc8 Qb7xc8
33.Bb5d3 Qc8b7
34.Bb2c1 Qb7b6
35.Bc1e3 Nd7xe5
36.Bd3e2 Ne5f7
37.g4 Qb6d8
38.Kg3 Nf7xg5
{ resign }
0-1

[Event "Match"]
[Site "www.echecsemail.com"]
[Date "2018.07.08"]
[Round "1"]
[White "Pinehill"]
[Black "Alessiov"]
[WhiteElo "2100"]
[BlackElo "1569"]
[Result "0-1"]
[Round "1"]
1.e4 e5
2.Ng1f3 f5
3.Nf3xe5 Qd8f6
4.d4 d6
5.Ne5f3 fxe4
6.Nf3g5 d5
7.Bf1e2 h6
8.Ng5xe4 dxe4
9.Bc1e3 Nb8c6
10.c3 Bc8f5
11.Nb1d2 Ng8e7
12.Qd1b3 O-O-O
13.O-O Ne7d5
14.Ra1d1 Qf6g6
15.g3 Bf8e7
16.f4 Nd5xe3
17.Nd2c4 Bf5e6
18.d5 Be6xd5
19.Rd1xd5 Ne3xd5
20.Rf1d1 Nd5xf4
{ resign }
0-1

[Event "Match"]
[Site "www.echecsemail.com"]
[Date "2018.07.08"]
[Round "1"]
[White "Chapi"]
[Black "Apdash"]
[WhiteElo "2140"]
[BlackElo "1810"]
[Result "0-1"]
[Round "1"]
1.e4 c5
2.Ng1f3 d6
3.Bf1c4 Nb8c6
4.O-O Ng8f6
5.Nb1c3 a6
6.a4 h6
7.d4 Nc6xd4
8.Nf3xd4 cxd4
9.Qd1xd4 e5
10.Qd4d3 Bc8g4
11.f3 Bg4h5
12.a5 Bf8e7
13.Bc1e3 O-O
14.Nc3d5 Nf6xd5
15.Bc4xd5 Qd8d7
16.Qd3b3 Kh8
17.Ra1a4 f5
18.Bd5e6 Qd7e8
19.Be6xf5 Bh5f7
20.Bf5e6 Bf7xe6
21.Qb3xe6 Qe8xa4
22.Qe6xe7 Qa4xc2
23.Qe7xd6 Qc2xb2
24.h3 Qb2b5
25.Rf1c1 Rf8f6
26.Qd6d2 Rf6c6
27.f4 Rc6xc1
28.Kh2 Rc1c6
{ resign }
0-1